Normal view
MARC view
Entry Personal Name
001 - CONTROL NUMBER
- control field: 21904
003 - CONTROL NUMBER IDENTIFIER
- control field: ARRUPE
005 - DATE AND TIME OF LATEST TRANSACTION
- control field: 20160128144119.0
008 - FIXED-LENGTH DATA ELEMENTS
- fixed length control field: 160128|| aca||aabn | a|a d
040 ## - CATALOGING SOURCE
- Original cataloging agency: ARRUPE
- Transcribing agency: ARRUPE
100 ## - HEADING--PERSONAL NAME
- Personal name: Stent, Vere,
- Dates associated with a name: 1872-1940.
670 ## - SOURCE DATA FOUND
- Source citation: Work cat.: (ARRUPE)0: Stent, Vere, 1872-1940., A personal record of some incidents in the life of Cecil Rhodes., 1924.